000 01051nam a2200277Ia 4500
001 Z_3149
008 220601s9999 xx 000 0 und d
082 _a636.21308243 C78
245 _aCruzamiento en ganado vacuno de carne / compiladores Marvin Koger, Tony J. Cunha y Alvin C. Warnick
260 _aUruguay : Hemisferio Sur
300 _a559 p.
440 _aColección de textos de agronomía y veterinaria ; 20
_9180188
500 _aTraducción de la obra en inglés: Crossbreeding beef cattle. Series 2
503 _aej.1: donación (septiembre 1980) \ ej.2: donación (agosto 1982)
504 _aIncluye bibliografía
650 _a1. Cruzamiento de ganado
650 _aGanado de carne - Mejoramiento
650 _aGanado de carne -- Cría
650 _aGenética animal
700 _aKoger, Marvin, comp. \ Cunha, Tony J., comp. \ Warnick, Alvin C., comp.Ì
_9180190
901 _a636.21308243 C78
902 _aM
905 _a523227 1976 uy dmn 8222223322spa16
942 _c1
999 _c216902
_d216902